| 000 | 00697nam a2200181 4500 | ||
|---|---|---|---|
| 005 | 20251002081639.0 | ||
| 008 | 251002b |||||||| |||| 00| 0 eng d | ||
| 020 | _a9786214272082 | ||
| 082 | _aDFil 658.4033 B161 2024 | ||
| 100 |
_aBairan, Bonifacio P. _968296 |
||
| 245 |
_aFundamentals of business analytics / _cBonifacio P. Bairan. |
||
| 260 |
_aManila : _bUnlimited Books Library Services & Publishing, _c©2024. |
||
| 300 |
_axii, 308 pages : _billustrations ; _c25 cm. |
||
| 500 | _aIncludes bibliographical references. | ||
| 650 | 0 |
_aDecision making _xMathematical models. _968297 |
|
| 650 | 0 |
_aIndustrial management _xStatistical methods _xComputer programs. _968298 |
|
| 942 |
_2ddc _cDFIL |
||
| 999 |
_c23931 _d23931 |
||